000 00817nam a2200241ua 4500
001 000453537
003 AM-YeHGA
005 20250617133417.0
008 041208s1972 enk 001 0 eng d
020 _a0521083850
040 _aAM-YeHGA
100 1 _aSamuels, M.L.
_g(Michael Louis).
245 1 0 _aLinguistic evolution :
_bwith special reference to English /
_cby M.L. Samuels.
260 _aCambridge [Eng.] :
_bUniversity Press,
_c1972.
300 _a203 p. ;
_c24 cm.
440 0 _aCambridge Studies in Linguistics ;
_v5.
504 _aIncludes bibliographical references : (p. [182]-186) and index.
505 2 _aVariation in the spoken chain--System : the phoneme--Grammar and lexis.
650 0 _aHistorical linguistics.
650 0 _aLinguistic change.
090 _c166372
999 _c164948
_d164948